000 00762nam a22002297a 4500
005 20150224165052.0
008 140714b xxu||||| |||| 00| 0 Urdu d
010 _aUR-8676
020 q _c300.00
020 _c9789350733387
035 _aU-7231
037 _bDBAD/Pub.
040 _aDPL
_bUrdu
082 _a808.856
100 _aصد يقی نّا ر ا حمد
245 _a‎پر تو :ا د بی ا نّر و يو
_cصد يقی نّا ر ا حمد
246 _aPartau(Literary Interviews)
_bBy Nisar Ahmed Siddiqui
260 _aد ھلی
_bEducational Publishing House
_c2014
270 _a3108,Vakeel Street,Kucha Pandit,Lal Kuan
_b.Delhi
_e110006
300 _a220.ص
_c22Cm (Hb)
942 _2ddc
_cUR
_e
_h808.856
_mص د ی
999 _c91849
_d91849